Nghiên cứu khả năng hình thành và sinh trưởng callus của cây mật nhân (Eurycoma Longifolla Jack)

Xây dựng cơ sở khoa học cho các ứng dụng sản xuất sinh khối tế bào, cung cấp nguyên liệu cho việc chiết tách và thu hồi các hoạt chất sinh học quý từ cây mật nhân.

Kaydedildi:
Detaylı Bibliyografya
Yazar: Nguyễn Thị Thơ
Diğer Yazarlar: Võ Châu Tuấn (Hướng dẫn)
Materyal Türü: Kitap
Dil:Vietnamese
Baskı/Yayın Bilgisi: Đà Nẵng Đại học Sư phạm, Đại học Đà Nẵng 2013
Konular:
Etiketler: Etiketle
Etiket eklenmemiş, İlk siz ekleyin!
Thư viện lưu trữ: Mạng thư viện Đại học Đà Nẵng
LEADER 01840nam a2200385 4500
001 000018501
003 14933
005 20131115141106.0
008 131114s2013 viesd
041 |a vie 
082 1 4 |a 615.19  |b NG-T 
100 1 |a Nguyễn Thị Thơ 
245 1 |a Nghiên cứu khả năng hình thành và sinh trưởng callus của cây mật nhân (Eurycoma Longifolla Jack)  |c Nguyễn Thị Thơ ; Võ Châu Tuấn hướng dẫn  |k Khóa luận tốt nghiệp 
260 |a Đà Nẵng  |b Đại học Sư phạm, Đại học Đà Nẵng  |c 2013 
300 |a 40 tr.  |b mh.  |c 29 cm.  |e Bản tóm tắt 
500 |a Khóa luận tốt nghiệp đại học. Chuyên ngành: Cử nhân Sinh - Môi trường 
504 |a Mục lục đầu trang, tài liệu tham khảo tr. 73 - 74, phụ lục [13 tr.] 
520 |a Xây dựng cơ sở khoa học cho các ứng dụng sản xuất sinh khối tế bào, cung cấp nguyên liệu cho việc chiết tách và thu hồi các hoạt chất sinh học quý từ cây mật nhân. 
600 1 4 |b Vua  |c Đinh Tiên Hoàng 
650 0 4 |a Cây mật nhân  |v Khóa luận tốt nghiệp  |x Nghiên cứu 
653 |a Cây mật nhân 
653 |a Sinh trưởng callus 
653 |a Eurycoma Longifolla Jack 
653 |a Khoa Sinh môi trường 
700 1 |a Võ Châu Tuấn  |e Hướng dẫn 
OWN |a LSP 
AVA |a UDN50  |b LSP  |d 615.19 NG-T  |e available  |t Error 5001 Not defined in file expand_doc_bib_avail.  |f 1  |g 0  |h N  |i 0  |k 1 
999 |a From the UDN01 
AVA |a UDN50  |b LSP  |d 615.19 NG-T  |e available  |t Error 5001 Not defined in file expand_doc_bib_avail.  |f 1  |g 0  |h N  |i 0  |k 1 
TYP |a Monograph 
TYP |a Printed language 
980 |a Mạng thư viện Đại học Đà Nẵng